LEADER 01505nam a2200325 a 4500 001 000000132079 003 CaOOAMICUS 005 20121211112433.0 008 121211s1987 fr af u000 u fre r 020 $a2-08-211169-5 040 $aPUL$bita 041 1 $afre$heng 100 1 $aGiesey, Ralph E.$0(OLS)http://pul/name/85059 245 13$aLe roi ne meurt jamais :$bles obsèques royales dans la France de la Renaissance /$cRalph E. Giesey ; traduit de l'anglais par Dominique Ebnöther ; préface de François Furet. 260 $aParis :$bFlammarion,$c©1987. 300 $aIV, 350 p., [5] c. di tav. :$bill. ;$c22 cm 490 1 $aNouvelle bibliothèque scientifique 504 $aBibliografia p. [325]-334. 651 4$aFrancia$xPolitica e governo$ySec. XV-XVII.$0(OLS)http://pul/subject/39243 700 1 $aEbnöther, Dominique.$0(OLS)http://pul/name/85060 700 1 $aFuret, François,$d1927-1997.$0(OLS)http://pul/name/15590 830 0$aNouvelle bibliothèque scientifique.$0(OLS)http://pul/title/166880 850 $aPUL 852 $aPUL$W1$xDP1 Fondo E. Rossi$y115$m1 G 44$j42687$qFondi$B151354$CPULBib$Z2$F151354 $82 941 1 $a1 961 $aSul dorso collocazione ms. di E. Rossi: G 21 996 $6020$a2-08-211169-5$9(OLS)http://pul/number/151347 996 $6245$aLe roi ne meurt jamais :$bles obsèques royales dans la France de la Renaissance$9(OLS)http://pul/title/166879 996 $6260$aParis :$bFlammarion$9(OLS)http://pul/publisher/48204 LEADER 01025nam a2200229 u 4500 001 000000038826 003 CaOOAMICUS 005 20070226113924.0 008 980428s1895 it u000 u ita u 035 $a10792725 040 $aPUL(R)$bita 100 1 $aArnò, Carlo,$dn. 1868.$0(OLS)http://pul/name/1708 245 10$aDella distinzione tra servitù rustiche ed urbane :$bcontributo alla teoria delle servitù prediali /$cavv. Carlo Arnò. 260 $aTorino :$bRocca,$c1895. 300 $axv, 288 p. ;$c25 cm 504 $aBibliografia in nota. 650 4$aServitù prediali (diritto romano).$0(OLS)http://pul/subject/2355 850 $aPUL 852 $aPUL$W1$xDP1 Antico 800$y27$m188 A 14$j52852$nBK-PRI$b $qStampati Antico$B52852$CPULBib$Z2$F52852 $H $81 941 1 $a15 996 $6245$aDella distinzione tra servitù rustiche ed urbane :$bcontributo alla teoria delle servitù prediali$9(OLS)http://pul/title/52640 996 $6260$aTorino :$bRocca$9(OLS)http://pul/publisher/63844